000 00436nam a2200157Ia 4500
008 160316s1974 xxu||||| |||| 00| 0 eng d
082 _a341.481000
_bCAS
100 _aCastberg Frede
245 _aThe European convention on human rights
250 _a
260 _aLeiden
_bA W Sijthoff
_c1974
300 _a198
_b
_cx
365 _b
650 _a1.International Law - Human Rights 2.European Convention - Human Rights
700 _a
_a
999 _c9639
_d9639